| 000 | 00942nam a2200265 i 4500 | ||
|---|---|---|---|
| 003 | DO-SdBNP | ||
| 005 | 20260518124821.0 | ||
| 007 | ta | ||
| 008 | 260518e2025 dr ||||gr|||||||| | spa d | ||
| 040 |
_aDO-SdBNP _bspa _cBNPHU _erda |
||
| 041 | _aspa | ||
| 082 |
_bV762Az 2025 _222 |
||
| 100 |
_aVilorio Cruz, Johan Manuel _989646 _eautor |
||
| 245 |
_aAzazel / _cJohan Manuel Vilorio Cruz. prólogo: Altagracia Díaz J. |
||
| 264 |
_a[San Pedro de Macorís, República Dominicana] : _b[Colección Cultura y Literatura], _c[2025]. |
||
| 300 |
_aSin páginas enumeradas ; _c20.5 x 13 cm. |
||
| 336 |
_atexto _btxt _2rdacontent |
||
| 337 |
_asin mediación _bn _2rdamedia |
||
| 338 |
_avolumen _bnc _2rdacarrier |
||
| 490 | _aColección Cultura y Literatura. | ||
| 500 | _aEste documento no tiene descripción en su portada, muy mínima. | ||
| 700 |
_aDíaz Jaquez, Altagracia _989578 _qprólogo. |
||
| 900 | _aWGuzmán | ||
| 942 |
_2ddc _cLF2 |
||
| 999 |
_c60774 _d60774 |
||